000 00400nam a2200181Ia 4500
001 10082
005 20260306161805.0
008 260306t2000||||xx |||||||||||||| ||spa||
041 _aESP
082 _a882.1
_bS65
100 _aSófocles
_eAUT
245 0 _aLas siete tragedias texto impreso
260 _c2000
300 _a
_c
650 _aGEN
654 _aCHU
942 _cLIB
_dJUS
_fJUS
_2ddc
_n
999 _c10082
_d10082